书目信息 |
| 题名: |
波谱原理及解析
|
|
| 作者: | 常建华 , 董绮功 编著 | |
| 分册: | ||
| 出版信息: | 北京 科学出版社 2005.9重印 |
|
| 页数: | xii,446页 | |
| 开本: | 24cm | |
| 丛书名: | ||
| 单 册: | ||
| 中图分类: | O657.61-43 | |
| 科图分类: | ||
| 主题词: | 波谱分析--bo pu fen xi--高等学校--教材 | |
| 电子资源: | ||
| ISBN: | 7-03-015429-0 | |
| 000 | 01021cam0 2200289 450 | |
| 001 | 012006013403 | |
| 005 | 20060329101010.1 | |
| 010 | @a7-03-015429-0@dCNY35.00 | |
| 100 | @a20050716e2005 em y0chiy0121 ea | |
| 101 | 0 | @achi |
| 102 | @aCN@b110000 | |
| 105 | @afk z 000yy | |
| 200 | 1 | @a波谱原理及解析@Abo pu yuan li ji jie xi@f常建华,董绮功编著 |
| 205 | @a2版 | |
| 210 | @a北京@c科学出版社@d2005.9重印 | |
| 215 | @axii,446页@c图@d24cm | |
| 300 | @a21世纪高等院校教材 国家理科基地教材 | |
| 320 | @a有书目(第445-446页) | |
| 330 | @a本书讲述各种波谱法的原理、图谱与物质结构的关系、图谱解析方法及波谱法的应用,在一般“四谱”的基础上啬了旋光光谱、圆二色性光谱和X射线衍射等方法。 | |
| 333 | @a阅读对象:高等学校、药学、材料化学等专业本科生 | |
| 606 | 0 | @a波谱分析@Abo pu fen xi@x高等学校@j教材 |
| 690 | @aO657.61-43@v4 | |
| 701 | 0 | @a常建华@Achang jian hua@4编著 |
| 701 | 0 | @a董绮功@Adong qi gong@4编著 |
| 801 | 0 | @aCN@bSRXX@c20060209 |
| 801 | 2 | @aCN@bSRXX@c20060329 |
| 905 | @a10447@dO657.61-43@eC280 | |
| 波谱原理及解析/常建华,董绮功编著.-2版.-北京:科学出版社,2005.9重印 |
| xii,446页:图;24cm |
| 21世纪高等院校教材 国家理科基地教材.-使用对象:阅读对象:高等学校、药学、材料化学等专业本科生 |
| ISBN 7-03-015429-0:CNY35.00 |
| 本书讲述各种波谱法的原理、图谱与物质结构的关系、图谱解析方法及波谱法的应用,在一般“四谱”的基础上啬了旋光光谱、圆二色性光谱和X射线衍射等方法。 |
| ● |
| 相关链接 |
|
|
|
正题名:波谱原理及解析
索取号:O657.61-43/C280
 
预约/预借
| 序号 | 登录号 | 条形码 | 馆藏地/架位号 | 状态 | 备注 |
| 1 | 548891 | 205488916 | 自科库401/401自科库 66排1列2层/ [索取号:O657.61-43/C280] | 在馆 | |
| 2 | 548892 | 205488925 | 自科库401/401自科库 66排1列2层/ [索取号:O657.61-43/C280] | 在馆 |